000 00541nam a22001817a 4500
999 _c6086
_d6086
003 AR-CdUCM
008 190313b ||||| |||| 00| 0 spa d
040 _aMUNICIPALIDAD PROVINCIAL DEL CUSCO
_cBIBLIOTECA MUNICIPAL DEL CUSCO
082 _a868.3 /
_bM81
100 _aMolina, Tirso de
_910815
245 _aDon Gil de las calzas verdes /
260 _aLima :
_bKontinental Verlag,
_bcontinental,
300 _a172 páginas ;
_c17 cm.
650 _aTeatro español
_9648
650 _aEdad de oro
_9649
942 _2ddc
_cLIBROS
945 _azta